Acid rain and environmental degradation : the economics of emission trading

Αποθηκεύτηκε σε:
Λεπτομέρειες βιβλιογραφικής εγγραφής
Κύριος συγγραφέας: Klaassen, Ger 1958-
Μορφή: Βιβλίο
Γλώσσα:English
Δημοσίευση: Cheltenham : Laxenburg : Edward Elgar;, IIASA, c1996
Σειρά:New horizons in environmental economics
Θέματα:
Ετικέτες: Προσθήκη ετικέτας
Δεν υπάρχουν, Καταχωρήστε ετικέτα πρώτοι!

MARC

LEADER 00000nam a2200000 i 4500
001 1/97535
008 991222s1996 eng d
020 |a 1-85898-489-0 
035 |l 10056171 
040 |a GR-MY-UA  |b gre  |e aacr 
041 0 |a eng 
082 0 |a 333.92 
100 1 |a Klaassen, Ger  |d 1958- 
245 1 0 |a Acid rain and environmental degradation :  |b the economics of emission trading /  |c Ger Klaassen 
260 |a Cheltenham :   |a Laxenburg :   |b Edward Elgar;,   |b IIASA,   |c c1996 
300 |a 336 p.  |b fig.; tabl. 
490 1 |a New horizons in environmental economics 
504 |a Includes bibliographical references and index 
650 0 0 |a Air  |x Pollution  |x Economic aspects. 
650 0 0 |a Acid rain  |x Economic aspects. 
650 0 0 |a Emissions trading. 
830 0 |a New horizons in environmental economics 
852 |a INST  |b LESVOS  |e 19991222  |h 333.92 KLA  |p 005100018788  |q 005100018788  |t BK  |y 0 
901 |a BIBL1-2000-1 
909 |a Λ  |b 071431 
922 |a 1ΕΛΗ  |b 199912  |c ΚΠΣ/ΠΜΣ  |d ΠΑΠΑΣΩΤΗΡΙΟΥ 
950 |a 157-1999-10-15 
970 |a ΜΟΥΣΤΑΚΑ  |b ΠΗΝΕΛΟΠΗ  |z 2000/01/21